000 00497nam a2200181Ia 4500
003 GCL
008 140319s9999 xx 000 0 eng d
040 _aGCL /
_cGCL
082 0 4 _a670.425
_bB I
100 1 _aBATCHELOR, BRUCE
245 1 0 _aINTERACTIVE IMAGE PROCESSING FOR MACHINE VISION /
_cBATCHELOR, BRUCE
700 1 _aWAITZ, FREDERICK
260 _a[S.N] :
_bSPRINGER - VERLAG ،
_c1993
300 _a385 P
650 0 4 _aCOMPUTER VISION
650 0 4 _aIMAGE PROCESSING
942 _2ddc
_cBK
999 _c21890
_d21890